000 00309nam a22001337a 4500
008 170529b xxu||||| |||| 00| 0 eng d
020 _a3802308042
041 _ager
080 _a621
100 _a27
101 _aIM
245 _aNUMERISCHE STEUERUNGEN FUR WERKZEUGMASCHINEN
_cSAUTTER,R
942 _2udc
_cBK
999 _c14712
_d14712